000 00535nam a2200217Ia 4500
003 OSt
005 20220928150116.0
006 a|||||r|||| 00| 0
007 ta
008 220927b |||||||| |||| 00| 0 eng d
024 _a87867
037 _cTextual
040 _aSDCL
_cSDCL
_beng
041 _2eng
_aeng
082 _aWxD7, N9
100 _aPathak Ram Parvesh
_9515288
245 0 _aShukraneeti mein rajtantra
260 _c1999
942 _hWxD7, N9
_cTEXL
_2CC
999 _c839838
_d839838